000 01094cam a2200205 4500
008 000000n2001 000 0 eng u
035 _a(Sirsi) u111771
100 _aDavey, J.
245 2 _aA square deal
260 _c2001
490 _aProperty Week
_v66(13) 30 March 2001, 12-13(2)
520 _aLooks at the now infamous sale of BP Pension Fund's Berkeley Square Estate, which is being sold for the third time in its 260 year history. A guide price of £297m has been set, and bidders must submit their final offers by 6 April 2001. Looks at the likely contenders, particularly Grosvenor, the Duke of Westminster's property company, and Goulandris. Considers views on the likely proceeds from the estate, and looks at the role of the selling agent, CB Hillier Parker. Notes that only a few buildings on the estate have been available for physical viewing.
590 _aABS
650 _aBERKELEY SQUARE
650 _aBIDDERS
650 _aCB HILLIER PARKER
650 _aBP PENSION ESTATE
690 _aPROPERTY-COMMERCIAL PROPERTY-COMMERCIAL PROPERTY MARKET
942 _n0
999 _c66597
_d66597